<?xml version="1.0" encoding="UTF-8"?>
<collection xmlns="http://www.loc.gov/MARC21/slim">
 <record>
  <leader>02232nam a2200313 a 4500</leader>
  <controlfield tag="001">1/41106</controlfield>
  <controlfield tag="008">110518s        gr            00010 gre d</controlfield>
  <datafield tag="035" ind1=" " ind2=" ">
   <subfield code="l">43892</subfield>
  </datafield>
  <datafield tag="040" ind1=" " ind2=" ">
   <subfield code="a">GR-PeUP</subfield>
  </datafield>
  <datafield tag="082" ind1="0" ind2="0">
   <subfield code="a">347.0025 ΟΔΗ</subfield>
  </datafield>
  <datafield tag="245" ind1="0" ind2="0">
   <subfield code="a">Οδηγός νομικών υπηρεσιών 2011-2012 :</subfield>
   <subfield code="b">Ελλάδα - Κύπρος - Ομογένεια = Greek legal directory 2011- 2012 /</subfield>
   <subfield code="c">επιμέλεια έκδοσης Κρινιώ Πετράτου, Μαρίνα Τσικουρή.</subfield>
  </datafield>
  <datafield tag="250" ind1=" " ind2=" ">
   <subfield code="a">Εκδίδεται απο το 1998.</subfield>
  </datafield>
  <datafield tag="260" ind1="0" ind2=" ">
   <subfield code="a">Αθήνα :</subfield>
   <subfield code="b">Νομική Βιβλιοθήκη ΑΕΒΕ,</subfield>
   <subfield code="c">[c 1998].</subfield>
  </datafield>
  <datafield tag="300" ind1=" " ind2=" ">
   <subfield code="a">982 σ. :</subfield>
   <subfield code="b">φωτ. ;</subfield>
   <subfield code="c">23 εκ.</subfield>
  </datafield>
  <datafield tag="500" ind1=" " ind2=" ">
   <subfield code="a">Περιέχει: Δικηγόροι, δικαστήρια, δικαστές, συμβολαιογράφοι, δικαστικοί επιμελητές, υποθηκοφυλάκεια, τέλη, δικαιώματα-τόκοι, νομικές υπηρεσίες Ελλάδας - Ε. Ε., νομικές σχολές, ιδρύματα υποτροφιών, δημόσιες υπηρεσίες, παροχή υπηρεσιών.</subfield>
  </datafield>
  <datafield tag="500" ind1=" " ind2=" ">
   <subfield code="a">Νέα Αγγλική Ενότητα.</subfield>
  </datafield>
  <datafield tag="650" ind1=" " ind2="4">
   <subfield code="a">Δικηγόροι</subfield>
   <subfield code="x">Οδηγοί.</subfield>
  </datafield>
  <datafield tag="650" ind1=" " ind2="4">
   <subfield code="a">Δικηγόροι</subfield>
   <subfield code="z">Κύπρος.</subfield>
  </datafield>
  <datafield tag="650" ind1=" " ind2="4">
   <subfield code="a">Δικηγόροι</subfield>
   <subfield code="z">Ελλάδα.</subfield>
  </datafield>
  <datafield tag="650" ind1=" " ind2="4">
   <subfield code="a">Συμβολαιογράφοι</subfield>
   <subfield code="z">Ελλάδα</subfield>
   <subfield code="x">Οδηγοί.</subfield>
  </datafield>
  <datafield tag="650" ind1=" " ind2="4">
   <subfield code="a">Συμβολαιογράφοι</subfield>
   <subfield code="z">Κύπρος</subfield>
   <subfield code="x">Οδηγοί.</subfield>
  </datafield>
  <datafield tag="650" ind1=" " ind2="4">
   <subfield code="a">Υποθηκοφυλάκεια</subfield>
   <subfield code="z">Ελλάδα</subfield>
   <subfield code="x">Οδηγοί.</subfield>
  </datafield>
  <datafield tag="650" ind1=" " ind2="4">
   <subfield code="a">Υποθηκοφυλάκεια</subfield>
   <subfield code="z">Κύπρος</subfield>
   <subfield code="x">Οδηγοί.</subfield>
  </datafield>
  <datafield tag="650" ind1=" " ind2="4">
   <subfield code="a">Δημόσιες Υπηρεσίες, Οργανισμοί και Επιχειρήσεις</subfield>
   <subfield code="z">Κύπρος</subfield>
   <subfield code="x">Οδηγοί.</subfield>
  </datafield>
  <datafield tag="650" ind1=" " ind2="4">
   <subfield code="a">Δημόσιες υπηρεσίες, οργανισμοί και επιχειρήσεις</subfield>
   <subfield code="z">Ελλάδα</subfield>
   <subfield code="x">Οδηγοί.</subfield>
  </datafield>
  <datafield tag="650" ind1=" " ind2="4">
   <subfield code="a">Νομική</subfield>
   <subfield code="x">Οδηγοί.</subfield>
  </datafield>
  <datafield tag="700" ind1="1" ind2=" ">
   <subfield code="a">Πετράτου, Κρινιώ.</subfield>
  </datafield>
  <datafield tag="700" ind1="1" ind2=" ">
   <subfield code="a">Τσικουρή, Μαρίνα.</subfield>
  </datafield>
  <datafield tag="852" ind1=" " ind2=" ">
   <subfield code="a">INST</subfield>
   <subfield code="b">UNIPILB</subfield>
   <subfield code="c">REF</subfield>
   <subfield code="e">20110518</subfield>
   <subfield code="h">347.0025 ΟΔΗ</subfield>
   <subfield code="p">00162969</subfield>
   <subfield code="q">00162969</subfield>
   <subfield code="t">NOLOAN</subfield>
   <subfield code="y">23</subfield>
   <subfield code="4">1</subfield>
  </datafield>
 </record>
</collection>
